000 00825nmm a2200277 a 4500
003 AR-BaBNM
005 20251128211247.0
008 253020s1997 ||||||||||||||000 | spa||
020 _a84-8063-243-7
040 _cAR-BaBNM
100 1 _aSánchez Sánchez-Cañete, Francisco Javier
110 2 _aEquipo SAFA
245 1 0 _aActividades para educación ambiental
_bciencias de la naturaleza de la ESO [12-16]
250 _a1ª ed.
260 _aBarcelona
_bOctaedro
_c1997
300 _a142 p.
500 _aContiene anexos
504 _aContiene bibliografía recomendada para el profesorado
650 4 _aEDUCACION AMBIENTAL
650 4 _aACTIVIDADES DE APRENDIZAJE
653 _aEDUCACION SECUNDARIA
653 _aESTRATEGIAS DIDACTICAS
653 _aTEMAS TRANSVERSALES
942 _cBK
998 _craquel
999 _c18894
_d18894